Country Flags With Blue Removed 1 - Statistics

General Stats
  • This quiz has been taken 163 times
  • The average score is 13 of 16
Answer Stats
Picture Answer % Correct
Argentina
98%
Barbados
93%
Cambodia
93%
Kazakhstan
92%
Cuba
89%
Haiti
87%
Mongolia
87%
Belize
85%
Bahamas
84%
Estonia
82%
Fiji
82%
Botswana
81%
Cape Verde
78%
Djibouti
75%
Armenia
73%
Laos
40%
No matching quizzes found
Score Distribution
Percent of People with Each Score
Percentile by Number Answered
Your Score History
You have not taken this quiz